| 000 | 01203cam a22003497a 4500 | ||
|---|---|---|---|
| 003 | CHAP | ||
| 005 | 20220329142903.0 | ||
| 008 | 041215d2004 mx r 00110 spa d | ||
| 010 | _a89234 | ||
| 011 | _a90206 | ||
| 035 | _a100762 | ||
| 040 | _cCHAP | ||
| 090 | _aTesis | ||
| 100 | 0 | 0 |
_aDíaz Pérez, Narciso. _933601 |
| 245 | 1 | 0 |
_aFenología del chile guajillo (Capsicum annuum L.) en condiciones de campo en Chapingo, México _c/por Narciso Díaz Pérez |
| 260 |
_aChapingo, Méx. : _bEl autor, _c2004. |
||
| 300 | _a46 h. | ||
| 502 | _aTesis (Ing. Agr. Esp. en Fitotecnia) -- UACH. Departamento de Fitotecnia | ||
| 590 |
_aALEPH _b10 _c20130110 _lUCH01 _h1502 |
||
| 590 |
_aBATCH-UPD _b10 _c20130110 _lUCH01 _h0806 |
||
| 590 |
_aBATCH-UPD _b10 _c20130410 _lUCH01 _h0444 |
||
| 590 |
_aBATCH-UPD _b10 _c20130914 _lUCH01 _h0841 |
||
| 590 |
_aCONVERSION _b10 _c20130109 _lUCH01 _h1349 |
||
| 650 | 1 | 4 |
_aCapsicum annum. _918733 |
| 650 | 1 | 4 |
_aChile guajillo. _922409 |
| 650 | 1 | 4 |
_aFenología. _940043 |
| 901 | _aBK | ||
| 905 | _aAlejandra Carrasco M. | ||
| 942 | _cFOLL | ||
| 949 |
_aTesis _bBC _cTES _d1007621 _eTS1 _h42735 _i100762 _sb |
||
| 949 |
_aTesis _bBC _cTES _d33724000944534 _eTS2 _fc.2 _h42736 _i100762 _si |
||
| 999 |
_c89234 _d89234 |
||